Normal view
MARC view
- Financial -Dictionary
Entry Topical Term
001 - CONTROL NUMBER
- control field: 1234
003 - CONTROL NUMBER IDENTIFIER
- control field: JO-AjAnu
005 - DATE AND TIME OF LATEST TRANSACTION
- control field: 20230606070515.0
008 - FIXED-LENGTH DATA ELEMENTS
- fixed length control field: 230606|| aca||aabn | a|a d
040 ## - CATALOGING SOURCE
- Original cataloging agency: JO-AjAnu
- Transcribing agency: JO-AjAnu
150 ## - HEADING--TOPICAL TERM
- Topical term or geographic name entry element: Financial -Dictionary
670 ## - SOURCE DATA FOUND
- Source citation: Work cat.: (JO-AjAnu)650: edited:Briscoe Simon&Jane fuller, author 1233, Harriman's Financial Dictionary